Ανάπτυξη εφαρμογής ηλεκτρονικού εισιτηρίου : πτυχιακή εργασία
Ο στόχος αυτής της διπλωματικής εργασίας είναι η ανάπτυξη ενός συστήματος ηλεκτρονικής πώλησης και επικύρωσης εισιτηρίων για τα Μέσα Μαζικής Μεταφοράς. Για το σκοπό αυτό μελετήθηκε η σημασία και η χρηστικότητα των νέων τεχνολογιών πληροφορικής στο «παραδοσιακό» τρόπο χρησιμοποίησης των ΜΜΜ καθώς και...
Αποθηκεύτηκε σε:
| Κύριος συγγραφέας: | |
|---|---|
| Συγγραφή απο Οργανισμό/Αρχή: | |
| Μορφή: | Thesis Βιβλίο |
| Γλώσσα: | Greek |
| Δημοσίευση: |
2013.
|
| Θέματα: | |
| Διαθέσιμο Online: | http://hdl.handle.net/11610/8696 |
| Ετικέτες: |
Προσθήκη ετικέτας
Δεν υπάρχουν, Καταχωρήστε ετικέτα πρώτοι!
|
MARC
| LEADER | 00000cam a2200000 i 4500 | ||
|---|---|---|---|
| 001 | 1/49632 | ||
| 008 | 140619s2013 gr | ||| |||| ||gre|| | ||
| 035 | |l 10118026 | ||
| 040 | |a GR-MyUA |b gre |e AACR2 | ||
| 041 | 0 | |a gre | |
| 082 | 0 | |a 388.0285 |2 (22) | |
| 100 | 1 | |a Σαλλιάρης, Δημήτριος. | |
| 245 | 1 | 0 | |a Ανάπτυξη εφαρμογής ηλεκτρονικού εισιτηρίου : |b πτυχιακή εργασία / |c Δημήτριος Σαλλιάρης ; επιβλέπων καθηγητής Σπούρος Κοκολάκης. |
| 260 | |c 2013. | ||
| 300 | |a [78] σ. : |b εγχρ. εικ., πιν. ; |c 30 εκ. | ||
| 500 | |a Μέλη της εξεταστικής επιτροπής: Κοκολάκης Σπύρος, Καρύδα Μαρία Χαραλαμπίδης Ιωάννης. | ||
| 502 | |a Πτυχιακή εργασία – Πανεπιστήμιο Αιγαίου, Σάμος, 2013. | ||
| 504 | |a Περιέχει βιβλιογραφικές αναφορές. | ||
| 506 | 0 | |a Διάθεση πλήρους κειμένου - Ελεύθερη πρόσβαση. | |
| 520 | |a Ο στόχος αυτής της διπλωματικής εργασίας είναι η ανάπτυξη ενός συστήματος ηλεκτρονικής πώλησης και επικύρωσης εισιτηρίων για τα Μέσα Μαζικής Μεταφοράς. Για το σκοπό αυτό μελετήθηκε η σημασία και η χρηστικότητα των νέων τεχνολογιών πληροφορικής στο «παραδοσιακό» τρόπο χρησιμοποίησης των ΜΜΜ καθώς και τα προβλήματα και τις προοπτικές που θα έχουν αυτές. Στην συνέχεια εξετάστηκαν προβλήματα που προκύπτουν από την «παραδοσιακή» λειτουργία των ΜΜΜ καθώς και πως ηλεκτρονικά μπορούν να αναπτυχθούν εφαρμογές που θα βοηθήσουν στην λειτουργία και την χρηστικότητα των ΜΜΜ. Έπειτα έγινε μια καταγραφή των λειτουργικών απαιτήσεων των χρηστών ενός τέτοιου συστήματος και ο σχεδιασμός των περιπτώσεων χρήσης του.Το σύστημα που αναπτύχθηκε βασίζετε στο μοντέλο πελάτη-εξυπηρετητή. Ο πελάτης συνδέεται με το σύστημα μέσω του κινητού του τηλεφώνου καθώς και ο ελεγκτής της εταιρίας. Η διαχείριση του συστήματος γίνεται μέσω εφαρμογής φυλλομετρητή (web-based).Το τελευταίο κομμάτι της διπλωματικής εργασίας αναφέρεται στο εγχειρίδιο της χρήσης των εφαρμογών που αναπτύχτηκαν καθώς και στα συμπεράσματα από την εκπόνηση της εργασίας καθώς και μελλοντικές επεκτάσεις για το σύστημα. | ||
| 540 | |a Κλειδωμένη η δυνατότητα αντιγραφής (copy) του κειμένου. | ||
| 610 | 2 | 0 | |a University of the Aegean |x Dissertations. |
| 650 | 0 | 0 | |a Public transportation |x Fares |x Automation. |
| 650 | 0 | 0 | |a Smartphones. |
| 650 | 0 | 0 | |a Dissertations, Academic |z Greece. |
| 700 | 1 | |a Κοκολάκης, Σπύρος, |e dgs | |
| 710 | 2 | |a Πανεπιστήμιο Αιγαίου. |b Σχολή Θετικών Επιστημών. |b Τμήμα Μηχανικών Πληροφοριακών και Επικοινωνιακών Συστημάτων. | |
| 852 | |a INST |b SAMOS |c DIATR |e 20140619 |h 388.0285 ΣΑΛ |p 005300036830 |q 005300036830 |t DIE |y 23 | ||
| 852 | |a INST |b SAMOS |c DIATR |e 20140619 |h 388.0285 ΣΑΛ |p 005300036831 |q 005300036831 |t DIE |y 23 | ||
| 856 | |u http://hdl.handle.net/11610/8696 | ||
| 901 | |a BIBL3-2014-2 | ||
| 909 | |a Σ |b 184982 | ||
| 909 | |a Σ |b 184983 | ||
| 924 | |a ΣΑΛΛΙΑΡΗΣ |b ΔΗΜΗΤΡΙΟΣ |y Σάμος |z 2013-03 | ||
| 970 | |a ΚΟΣΙΕΡΗΣ |b ΧΡΗΣΤΟΣ |z 2014/06/19 | ||